[Event "Parana-ch"]
[Site "Curitiba"]
[Date "2015.01.30"]
[Round "5"]
[White "Mileski, Lucas de Souza"]
[Black "Grilo, Bruno Ianzen"]
[Result "1-0"]
[WhiteElo "1720"]
[BlackElo "1800"]
[PlyCount "75"]
[EventDate "2015.01.28"]
[EventType "swiss"]
[EventRounds "8"]
[EventCountry "BRA"]
[SourceTitle "CBM 164 Extra"]
[Source "ChessBase"]
[SourceDate "2015.03.02"]
[SourceVersion "1"]
[SourceVersionDate "2015.03.02"]
[SourceQuality "1"]

1. d4 c5 2. c4 cxd4 3. Qxd4 Nc6 4. Qd1 e5 5. Nc3 Bb4 6. Bd2 Nf6 7. a3 Bxc3 8. Bxc3 0-0 9. g3 d5 10. cxd5 Qxd5 11. Qxd5 Nxd5 12. Rc1 f6 13. Bg2 Be6 14. Nf3 e4 15. Nd4 Nxd4 16. Bxd4 Rac8 17. 0-0 f5 18. Bxa7 b6 19. Rfd1 Ra8 20. Bxb6 Nxb6 21. Rd6 Nc4 22. Rxe6 Nxb2 23. Rb6 Na4 24. Rb4 Rfb8 25. f3 Rxb4 26. axb4 exf3 27. Bxf3 Rb8 28. Rb1 Nc3 29. Rb2 Nd1 30. Rb3 Re8 31. b5 Ne3 32. b6 Nc4 33. Bd5+ Kh8 34. Bxc4 Rd8 35. b7 Rd1+ 36. Kf2 Rd8 37. b8Q Rxb8 38. Rxb8# 1-0